000 00861cam a2200301 a 4500
001 85350
005 20230410103923.0
008 031023s2004 mau b 000 0 eng d
035 _a13381850
925 0 _aacquire
_b1 shelf copies
_xpolicy default
942 _2lcc
_cbk
010 _a 2001131516
020 _a0395980674
035 _a(OCoLC)ocm52874358
040 _aUUS
_cUUS
_dDLC
042 _alccopycat
043 _aaw-----
050 1 4 _a439 DS 62.4
_bK45s 2004
082 0 0 _a956.04
100 1 _aKhater, Akram Fouad,
_d1960-
245 1 0 _aSources in the history of the modern Middle East /
_cAkram Fouad Khater.
260 _aBoston :
_bHoughton Mifflin,
_cc2004.
300 _a421 p. ;
_c24 cm.
504 _aIncludes bibliographical references.
651 0 _aMiddle East
_xHistory.
651 4 _aMedio oriente
_xHistoria.
946 _amm
999 _c28471
_d28471